History Quiz

Random History or Word Play Quiz

Separated US Presidential First Names Quiz Stats

Quiz Updated Jan 20, 2017

Challenge
Share
Tweet
Score 0/31 Timer 02:00
0 Plays Today
% Correct
Abra
98.8%
Benja
96.3%
Frank
94.1%
Dwi
93.2%
Theo
92%
Geo
90.7%
Ulys
90.3%
Ruther
89.8%
Ches
88.8%
An
87.3%
Wood
87%
Gro
86.1%
Rich
86%
Lyn
85.5%
Za
84.7%
Don
81.3%
% Correct
Cal
81.2%
Wil
79%
Jim
77%
Ro
74%
Her
73.7%
Jo
73.6%
Ja
71.1%
Ge
70.8%
Mil
70.4%
Ba
68.3%
Tho
68.2%
War
68.1%
Bi
67.8%
Mar
62.6%
Har
61.7%

You're not logged in!

Compare scores with friends on all Sporcle quizzes.
Join for Free
OR
Log In

You Might Also Like...

Show Comments

Extras

Top Quizzes Today


Score Distribution

Your Account Isn't Verified!

In order to create a playlist on Sporcle, you need to verify the email address you used during registration. Go to your Sporcle Settings to finish the process.

Report this User

Report this user for behavior that violates our Community Guidelines.

Details: